Linia 750 warszawa - Statystyki

Ogólne statystyki
  • Ten quiz został rozwiązany 46 razy
    43 od ostatniego zresetowania
  • Średni wynik to 27 z 39
Statystyki odpowiedzi
Pętla % Poprawnych
Metro Młociny
100%
Metro Młociny
100%
Prozy
90%
Zajezdnia Żoliborz
90%
11 listopada
80%
Buraków
80%
Dzierżoniowska
80%
ICDS
80%
Kościół
80%
Łomianki - centrum
80%
Łomianki - szkoła
80%
Muzealna
80%
Park Młociński
80%
Polmo
80%
Czosnów
70%
Czosnów - stacja paliw
70%
Dębina
70%
Kiełpin - cmentarz
70%
Łomna szkola
70%
Lwowska
70%
Cząstków mazowiecki
60%
Cząstków Polski
60%
Dziekanów nowy Wschód
60%
Dziekanów Polski centrum
60%
Dziekanów Polski Wschód
60%
Dziekanów Polski zachód
60%
Kiełpin
60%
KMŁ
60%
Koszałka Opałka
60%
Łomna cmentarz
60%
Łomna las
60%
Pilcha
60%
Weteranów
60%
Cząstków Polski Wschód
50%
Dziekanów nowy zachód
50%
Łomna Wschód
50%
Łomna zachód
50%
Pieńków - sklep
50%
Pieńków - wieś
50%
Nie znaleziono quizów pasujących do podanych kryteriów
Rozkład punktacji
Procent ludzi z każdym wynikiem
Percentyl według liczby udzielonych odpowiedzi
Twoja historia wyników
Nie rozwiązałeś tego quizu od ostatniego zresetowania